| 000 | 00367nam a22001217a 4500 | ||
|---|---|---|---|
| 999 |
_c663 _d663 |
||
| 005 | 20200817120526.0 | ||
| 008 | 200817b ||||| |||| 00| 0 eng d | ||
| 020 | _a0043710182 | ||
| 040 | _cCML | ||
| 245 |
_aLearning in the Primary School. _cHaslam, K.R. |
||
| 260 |
_aGreat Britain _bUnwiln Brothers Ltd _c1971 |
||
| 942 |
_2ddc _cBK _e1st Edition _h371 _mHAS |
||